Parks and Recreation Trivia Quiz Stats

Quiz not verified by Sporcle

Challenge
Share
Tweet
Embed
Score 0/15 Timer 08:00
0 Plays Today
Hint Answer % Correct
What is the name of Tom Haverford's clothing rental store?Rent a Swag
89.7%
What is the name of April and Andy's three-legged dog?Champion
89.2%
Name that mini horse! Lil' Sebastian
89.2%
Looking into the eyes of this Tammy has been described as like looking into the eye of Satan's butthole. Tammy 1 or Tammy 2?Tammy 2
89.2%
What is the name of the game created by Ben Wyatt?Cones of Dunshire
81.6%
What is the name of Tom Haverford's invention that combines a cleaning robot and music?DJ Roomba
81.1%
Who is the last person that would like to eat a banana?Ron Swanson
80%
Who can be described by Leslie as a beautiful tropical fish?Ann Perkins
80%
Hint Answer % Correct
Where can you find the best waffles in the world?JJ's Diner
75.7%
What is the name of the prankster who leaves peach pits as part of his M.O.?Greg Pikitis
74.6%
What is the name of the always unimportant and even abused man at the shoe shine standKyle
73%
What is the name of the character who stars in his own performing arts show entitled 'Human Farm'?Orin
70.3%
What is the name of the local news program hosted by Perd Hapley?Ya Heard? With Perd!
63.2%
What is Councilman Jamm's catchphrase?You Just Got Jammed
63.2%
What is the nickname for Pete Disellio (Pawnee man known best for his game winning dunk during a High School basketball game)?Pistol Pete
54.6%

You're not logged in!

Compare scores with friends on all Sporcle quizzes.
Sign Up with Email
OR
Log In

You Might Also Like...

Show Comments

Extras

Top Quizzes Today


Score Distribution

Your Account Isn't Verified!

In order to create a playlist on Sporcle, you need to verify the email address you used during registration. Go to your Sporcle Settings to finish the process.

Report this User

Report this user for behavior that violates our Community Guidelines.

Details: